000 01584cam a22003854a 4500
999 _c21564
_d21564
001 16129684
003 OSt
005 20200615153450.0
008 100311s2010 ii a b 001 0 eng
010 _a 2010316942
020 _a9780198064480
020 _a0198064489
025 _aI-E-2010-316942; 49-92; 61-92
037 _bLibrary of Congress -- New Delhi Overseas Office
_cRs645.00
040 _aDLC
_coclc
_dDLC
042 _alcode
050 0 0 _aGF13
_b.E583 2010
082 _a304.2
_bMCN/E
100 _92932
_aMcneill, John R
245 0 0 _aEnvironmental history :
_bas if nature existed /
_cedited by John R. McNeill, José Augusto Pádua, Mahesh Rangarajan.
260 _aNew Delhi :
_bOxford University Press,
_c2010.
300 _axii, 248 p. :
_bill. ;
_c23 cm.
490 0 _aEcological economics and human well-being
504 _aIncludes bibliographical references and index.
650 0 _aHuman ecology
_xEconomic aspects
_xHistory.
700 1 _aMcNeill, John Robert.
700 1 _aPádua, José Augusto.
700 1 _aRangarajan, Mahesh.
856 4 1 _3Table of contents only
_uhttp://www.loc.gov/catdir/enhancements/fy1009/2010316942-t.html
856 4 2 _3Publisher description
_uhttp://www.loc.gov/catdir/enhancements/fy1009/2010316942-d.html
856 4 2 _3Contributor biographical information
_uhttp://www.loc.gov/catdir/enhancements/fy1009/2010316942-b.html
906 _a7
_bcbc
_corigode
_d3
_encip
_f20
_gy-gencatlg
942 _2ddc
_cBK
_h304.2
_iMCN/E
_k304.2
_mMCN/E